| Tag |
First Indicator |
Second Indicator |
Subfields |
| LEADER |
00000nam a2200000Ia 4500 |
| 001 |
in00004295083 |
| 005 |
20200810080521.0 |
| 006 |
m g d |
| 007 |
cr bn |||a|bb| |
| 008 |
851022s1646 enk o 00| | eng d |
| 035 |
|
|
|a (OCoLC)12706406
|
| 040 |
|
|
|a EAH
|c EAH
|d WaOLN
|
| 037 |
|
|
|a CL0037000054
|b ProQuest Information and Learning. 300 N. Zeeb Rd., Ann Arbor, MI 48106
|
| 049 |
|
|
|a EAHA
|
| 090 |
|
|
|a BT1450
|b .C69
|
| 100 |
1 |
|
|a Cox, Benjamin,
|d fl. 1646.
|
| 245 |
1 |
0 |
|a Some mistaken scriptvres sincerely explained :
|b in answer to one infected with some Pelagian errours /
|c written by Benjamin Cox when he was first prisoner in Coventrie, now published by the author for the clearing of the truth.
|
| 260 |
|
|
|a London :
|b Printed by Tho. Paine ...,
|c 1646.
|
| 300 |
|
|
|a 1 online resource ([2], 6 pages)
|
| 336 |
|
|
|a text
|b txt
|2 rdacontent
|
| 337 |
|
|
|a computer
|b c
|2 rdamedia
|
| 338 |
|
|
|a online resource
|b cr
|2 rdacarrier
|
| 500 |
|
|
|a "Licensed and entered according to order."
|
| 500 |
|
|
|a Page 5 misprinted 7.
|
| 500 |
|
|
|a Reproduction of original in the British Library.
|
| 510 |
4 |
|
|a Wing
|c C6715
|
| 533 |
|
|
|a Electronic reproduction.
|b Ann Arbor, Mich. :
|c UMI,
|d 1999-
|f (Early English books online)
|n Digital version of: (Early English books, 1641-1700 ; 1524:23)
|7 s1999 miun s
|
| 650 |
|
0 |
|a Theology, Doctrinal.
|
| 650 |
|
0 |
|a Pelagianism.
|
| 830 |
|
0 |
|a Early English books online.
|
| 856 |
4 |
0 |
|u http://proxy.library.tamu.edu/login?url=https://search.proquest.com/docview/2248590822
|z Connect to the full text of this electronic book
|t 0
|
| 999 |
f |
f |
|s 2156b08e-0da7-399c-8fe6-7a7e98be4c44
|i c045a36f-c9d3-3a84-9849-720ee79ddbcc
|t 0
|
| 952 |
f |
f |
|a Texas A&M University
|b College Station
|c Electronic Resources
|d Available Online
|t 0
|e BT1450 .C69
|h Library of Congress classification
|
| 998 |
f |
f |
|a BT1450 .C69
|t 0
|l Available Online
|